000 00437nam a2200181Ia 4500
001 9261
005 20260306160710.0
008 260306t2015||||xx |||||||||||||| ||spa||
041 _aESP
082 _a371.9
_bD44
100 _aDefior Citoler, Silvia
_eAUT
245 0 _aDificultades especĂ­ficas de aprendizaje
260 _c2015
300 _a249 páginas :
_c23 cm.
650 _aGEN
654 _aCED
942 _cLIB
_dJUS
_fJUS
_2ddc
_n
999 _c9261
_d9261